Gdańska archeologia prawna

Titel: Gdańska archeologia prawna / Edwin Rozenkranz
Verfasser:
Ausgabe: Wyd. 1
Veröffentlicht: Gdańsk : Wydawn. Uniw. Gdańskiego, 1993
Umfang: 140 S. : Ill., graph. Darst., Kt.
Format: Buch
Sprache: Polnisch
Schlagworte:
ISBN: 8370174485
Buchumschlag
X
Lokale Klassifikation: 7 12 F
alg: 4565666
001A    $03004:04-12-95 
001B    $06055:15-02-26 $t18:39:10.000 
001C    $03004:06-05-09 $t08:24:37.000 
001D    $09999:99-99-99 
001U    $0utf8 
001X    $00 
002@    $0Aau 
003@    $0045656665 
003O    $031045235 $aOCoLC 
004A    $083-7017-448-5 
007A    $0045656665 $aHEB 
007T    $0Herdt00245 
010@    $apol 
011@    $a1993 
013H    $0z 
015@    $0Z 
021A    $aGdańska archeologia prawna $hEdwin Rozenkranz 
027A/01 $aDanziger Rechtsarchäologie 
028A    $7 $8Rozenkranz, Edwin [Tnd] $9139046305 
032@    $aWyd. 1 
033A    $pGdańsk $nWydawn. Uniw. Gdańskiego 
034D    $a140 S. 
034M    $aIll., graph. Darst., Kt. 
039U    $8--Aox--Maciejewski, Tadeusz$Z1952- [Tp1]. Rozenkranz, Edwin. Gdańska archeologia prawna. - Gdańsk : Wydawn. Uniw. Gdańskiego. -  1993 [Rezension], 1994 [1995] $9395263719 
044K    $RGeschichtsphilosophie $RVergangenheit $#History $#Histoire $#Storia $#history $#History $#Geschichte $#Landesgeschichte $#Regionalgeschichte $#Ortsgeschichte $#Zeitgeschichte $D20251120 $Ecgmnf $74020517-4 $8Geschichte [Tsz] $9085049352 
044K    $#Law and legislation $#Law $#Jurisprudence $#Droit $#Derecho $#law $#Recht $#Recht $D20251120 $Ecgmnf $74048737-4 $8Recht [Tsz] $9085135747 
044K    $#Danzig $#Ville Libre de Danzig $#Dantzig $#Ville Libre de Dantzig $#Freistaat Danzig $#Gdańsk $#Freie Stadt Danzig $#Urząd Miejski w Gdańsku $#Gyddanzyc $#Gedanum $#Dantiscum $D20251120 $Ecgmnf $74011039-4 $8Danzig [Tg1] $9085022225 
044K    $#Pommerellen $#Pomorze Gdanskie $#Pomerellen $#Pomorze Gdańskie $#Pomorze Nadwiślańskie $#Pomorze Wschodnie $#Herzogtum Pommerellen $#Woiwodschaft Pommern 1919-1939 $#Woiwodschaft Pommerellen $#Pòrénkòwô Pòmòrskô $#Pomerelia $#Pomoří $D20251120 $Ecgmnf $74046742-9 $8Pommerellen [Tg1] $9085130346 
044K    $D20251120 $Ecgmnf $74230768-5 $8Danzig$zRegion [Tg1] $908620467X 
045F    $a340.09 $eDDC23BSB 
045F/01 $a340.09 
045F/03 $f0903 
045F/03 $f09041 
045F/03 $g4382 
045F/03 $g43832 
046C    $aDanziger Rechtsarchäologie $bÜbers. des Hauptsacht. 
046M    $aLiteraturangaben 

lok: 4565666 24
101B    $003-12-02 $t12:38:58.625 
101C    $004-12-95 
145Z/01 $a7 12 F 
101U    $0utf8 

exp: 4565666 24 1 #EPN
201B/01 $006-05-09 $t08:24:37.000 
201C/01 $004-12-95 
201U/01 $0utf8 
203@/01 $0090559657 
208@/01 $a04-12-95 $bz 
209A/01 $a95.3564 $du $f050 $h95 3564 $x00 
209C/01 $a95.3564 T $h95 3564 T 
209G/01 $a72399439 $x00 
247C/01 $8358050-7 Marburg, Bibliothek des Herder-Instituts Marburg $9102600961 

lok: 4565666 78

exp: 4565666 78 1 #EPN
201B/01 $026-11-17 $t04:57:09.000 
201U/01 $0utf8 
203@/01 $0792147022 
208@/01 $a12-11-16 $be 
209A/01 $a/ $f000 $x00 
220C/01 $aTitelaufnehmer: uz 
220C/01 $aHerkunft: UMK/BU Toruń 
237A/01 $aweiterführende Signatur(en): Herder-Institut: 95.3564 
244Z/01 $2Trx $#Prusy Wschodnie i Zachodnie $8--Trx--Ost- und Westpreußen $x01 $939113373X 
244Z/01 $#Danzig $#Ville Libre de Danzig $#Dantzig $#Ville Libre de Dantzig $#Freistaat Danzig $#Gdańsk $#Freie Stadt Danzig $#Urząd Miejski w Gdańsku $#Gyddanzyc $#Gedanum $#Dantiscum $74011039-4 $8--Tg1--Danzig $x02 $9085022225 
244Z/01 $2Trx $#arheoloogia teadus $#archeologijos mokslas $#Archaeology $#régészet tudomány $#archeologia nauka $#archeológia veda $#archeologie věda $#Eelajalugu $#Ur- und Frühgeschichte $#prehistoria $#prehistória $#prehistorie $8--Trx--Archäologie$gWissenschaft $x03 $9391377876 
244Z/01 $2Trx $#õigussüsteem $#teisė $#Law, system of $#jogok $#prawo $#právo $#právo $#Justiz $#Rechtspflege $#justícia $#justice $8--Trx--Rechtswesen $x04 $9391354604 
244Z/01 $2Trx $8--Trx--Monographie $x05 $9391384546 
245Z/01 $a13.03 $x01 
245Z/01 $a07.02 $x02 
247C/01 $82080>Marburg/Lahn, Herder-Institut, Forschungsbibliothek, Bibliographieportal $9336309341
LEADER 00000cam a2200000 c 4500
001 045656665
003 DE-603
005 20260215183910.0
007 tu
008 951204s1993 xx |||| | u00||u|pol c
020 |a 8370174485 
035 |a (DE-599)HEB045656665 
035 |a (OCoLC)31045235 
040 |a DE-603  |b ger  |c DE-603  |d DE-603 
041 |a pol 
082 0 4 |8 1\u  |a 340.09  |q DE-101  |2 23/BSB 
085 |8 1\u  |b 340.09 
085 |8 1\u  |z 1  |s 0903 
085 |8 1\u  |z 1  |s 09041 
085 |8 1\u  |z 2  |s 4382 
085 |8 1\u  |z 2  |s 43832 
100 1 |a Rozenkranz, Edwin  |0 (DE-603)139046305 
245 0 0 |a Gdańska archeologia prawna  |c Edwin Rozenkranz 
246 1 |i Übers. des Hauptsacht.  |a Danziger Rechtsarchäologie 
246 1 3 |a Danziger Rechtsarchäologie 
250 |a Wyd. 1 
264 1 |a Gdańsk  |b Wydawn. Uniw. Gdańskiego  |c 1993 
300 |a 140 S.  |b Ill., graph. Darst., Kt. 
504 |a Literaturangaben 
650 7 |a Geschichte  |0 (DE-588)4020517-4  |0 (DE-603)085049352  |2 gnd 
650 7 |a Recht  |0 (DE-588)4048737-4  |0 (DE-603)085135747  |2 gnd 
651 7 |a Danzig  |0 (DE-588)4011039-4  |0 (DE-603)085022225  |2 gnd 
651 7 |a Pommerellen  |0 (DE-588)4046742-9  |0 (DE-603)085130346  |2 gnd 
651 7 |a Danzig  |0 (DE-588)4230768-5  |0 (DE-603)08620467X  |2 gnd 
787 0 8 |i Rezensiert in  |a Maciejewski, Tadeusz, 1952-  |t Rozenkranz, Edwin. Gdańska archeologia prawna. - Gdańsk : Wydawn. Uniw. Gdańskiego. - 1993 [Rezension]  |w (DE-603)395263719 
924 0 |9 Mb 50  |a (DE-603)090559657  |b DE-Mb50  |c HES  |d c  |g 95.3564 
924 0 |9 2080  |a (DE-603)792147022  |b DE-2080  |c HES  |d d  |g /